[Event "Championnat de France - Accession"]
[Site "Nimes"]
[Date "2009.08.20"]
[Round "9.32"]
[White "Lamard, Guillaume"]
[Black "Dijoux, Frederic"]
[Result "0-1"]
[WhiteElo "2101"]
[BlackElo "2152"]
[PlyCount "128"]
[EventDate "2009.??.??"]

1. d4 f5 2. Nc3 e6 3. e4 Bb4 4. exf5 exf5 5. Bd3 d6 6. Qf3 Nc6 7. Nge2 Qf6 8.
O-O Nge7 9. Nb5 Ba5 10. c3 O-O 11. Qg3 Ng6 12. Nf4 Nxf4 13. Bxf4 Be6 14. Na3
Qf7 15. Rfe1 Kh8 16. Re2 Rae8 17. b4 Bb6 18. h4 Bd5 19. Rae1 Rxe2 20. Rxe2 Bxa2
21. b5 Na5 22. Bg5 h6 23. Re7 Qg6 24. Be3 Qf6 25. Rd7 Be6 26. Bg5 hxg5 27. hxg5
Qg6 28. Re7 Kg8 29. Qh4 c6 30. Be2 Bf7 31. Re3 Re8 32. Rh3 Kf8 33. Bd3 Bd8 34.
f4 Ke7 35. g4 Qe6 36. gxf5 Qa2 37. Re3+ Kd7 38. Rxe8 Bxe8 39. bxc6+ bxc6 40.
Qh8 Qxa3 41. Qxg7+ Kc8 42. Qxa7 Qc1+ 43. Bf1 Bh5 44. d5 Be2 45. Qf2 Bxf1 46.
Qxf1 Bb6+ 47. Kg2 Qd2+ 48. Kh3 Qxd5 49. Kg4 Nc4 50. Kh5 Ne3 51. Qb1 Bd8 52. Kg6
Qg8+ 53. Kh6 Qh8+ 54. Kg6 Nd5 55. f6 Nxf4+ 56. Kf7 Qh5+ 57. g6 Qxg6+ 58. Qxg6
Nxg6 59. Kxg6 Kd7 60. f7 Be7 61. Kf5 d5 62. Ke5 Bf8 63. Kf6 Kd6 64. Kf5 Ke7 0-1

[Event "Championnat de France - Accession"]
[Site "Nimes"]
[Date "2009.08.20"]
[Round "9.33"]
[White "Poignot, Quentin"]
[Black "Jeanne, Mickael"]
[Result "0-1"]
[WhiteElo "2183"]
[BlackElo "2148"]
[PlyCount "91"]
[EventDate "2009.??.??"]

1. e4 e6 2. Nf3 d5 3. Nc3 Nf6 4. e5 Nfd7 5. d4 c5 6. dxc5 Bxc5 7. Bd3 Nc6 8.
Bf4 f6 9. exf6 Nxf6 10. Qe2 O-O 11. O-O-O a6 12. Ne5 Bd6 13. Rhe1 Qc7 14. h3
Nd7 15. Qh5 g6 16. Bxg6 Ndxe5 17. Bxe5 Nxe5 18. Bd3 Nxd3+ 19. Rxd3 Qf7 20. Qg5+
Qg7 21. Qh5 Bd7 22. Nxd5 Be8 23. Qe2 exd5 24. Qe6+ Qf7 25. Qxd6 Qf4+ 26. Qxf4
Rxf4 27. Rxd5 Rxf2 28. g4 Rc8 29. c3 Bg6 30. h4 Rc2+ 31. Kd1 Rxb2 32. h5 Rb1+
33. Kd2 Rxe1 34. Kxe1 Be8 35. Kd2 Rc4 36. Rd8 Kf7 37. g5 Ke7 38. Rb8 Rc7 39. h6
Bg6 40. Rg8 Ke6 41. Rf8 Rf7 42. Rc8 Kf5 43. Rc5+ Kf4 44. a3 Bf5 45. g6 hxg6 46.
Rxf5+ 0-1

[Event "Championnat de France - Accession"]
[Site "Nimes"]
[Date "2009.08.20"]
[Round "9.34"]
[White "Barret, Simon"]
[Black "Carpentier, Pierre"]
[Result "0-1"]
[WhiteElo "2166"]
[BlackElo "2247"]
[Annotator "Rivier,Sylvain"]
[PlyCount "77"]
[EventDate "2009.??.??"]

1. d4 Nf6 2. Nf3 g6 3. Nc3 d5 4. Bf4 Bg7 5. e3 O-O 6. Be2 c6 7. Ne5 Qa5 8. Qd2
Nfd7 9. h4 Nxe5 10. Bxe5 f6 11. Bh2 b5 12. g4 b4 13. Nd1 e5 14. a3 Na6 15. f3
Re8 16. O-O Qb6 17. axb4 Qxb4 18. c3 Qb6 19. b4 Nc7 20. Nb2 Ne6 21. Na4 Qd8 22.
f4 exd4 23. cxd4 f5 24. g5 a5 25. b5 cxb5 26. Bxb5 Re7 27. Rab1 Rb8 28. Qa2 Qd6
29. Bg3 h6 30. Kh2 Kf7 31. Qg2 Reb7 32. Bd3 Qa3 33. Ra1 Qd6 34. Rf2 h5 35. Qh3
Bd7 36. Bxf5 gxf5 37. Qxf5+ Kg8 38. Qg6 Be8 39. Qd3 {suite illisible} 0-1

[Event "Championnat de France - Accession"]
[Site "Nimes"]
[Date "2009.08.20"]
[Round "9.35"]
[White "Thet, Sylvain"]
[Black "Salus, Stephane"]
[Result "0-1"]
[WhiteElo "2031"]
[BlackElo "2218"]
[Annotator "Rivier,Sylvain"]
[PlyCount "99"]
[EventDate "2009.??.??"]

1. d4 Nf6 2. c4 g6 3. Nc3 Bg7 4. e4 d6 5. Nf3 O-O 6. Be2 Bg4 7. O-O Nfd7 8. Be3
c5 9. d5 Na6 10. Ne1 Bxe2 11. Qxe2 Nc7 12. Nd3 a6 13. a4 b5 14. axb5 axb5 15.
cxb5 Rxa1 16. Rxa1 Qb8 17. Bg5 Re8 18. Qg4 Nf8 19. Qh4 Nxb5 20. Bxe7 Nxc3 21.
bxc3 Qb5 22. Bxf8 Rxf8 23. Qg3 Bxc3 24. Rc1 Bd2 25. Rd1 Qb3 26. Qf3 Bh6 27. Qe2
Re8 28. f3 Qxd5 29. Nb2 Qe6 30. Nc4 d5 31. Ne3 d4 32. Nc4 Rb8 33. e5 Rb4 34.
Nb2 Be3+ 35. Kh1 c4 36. Rf1 Qa6 37. f4 Qa2 38. Qg4 Rxb2 39. Qc8+ Kg7 40. Qc6
Rb8 41. f5 gxf5 42. Qf6+ Kg8 43. e6 Qa7 44. Qxf5 Rf8 45. Rf3 Qe7 46. exf7+ Qxf7
47. Qg4+ Qg6 48. Rxf8+ Kxf8 49. Qc8+ Kg7 50. Qd7+ {suite illisible} 0-1

[Event "Championnat de France - Accession"]
[Site "Nimes"]
[Date "2009.08.20"]
[Round "9.36"]
[White "Serralta, Michel"]
[Black "Callet, Emmanuel"]
[Result "0-1"]
[WhiteElo "2137"]
[BlackElo "2215"]
[PlyCount "66"]
[EventDate "2009.??.??"]

1. d4 Nf6 2. c4 g6 3. Nc3 Bg7 4. e4 d6 5. f3 c6 6. Be3 Nbd7 7. Bd3 e5 8. d5 c5
9. Nge2 a6 10. Qd2 Qe7 11. O-O-O b5 12. g4 bxc4 13. Bb1 Nb6 14. Ng3 h5 15. g5
Nfd7 16. Rhg1 a5 17. Rdf1 Nb8 18. h4 Na6 19. a3 Qd7 20. f4 exf4 21. Bxf4 O-O
22. Nxh5 gxh5 23. e5 dxe5 24. Be3 Rd8 25. Be4 Na4 26. Bf5 Qe8 27. Ne4 Qf8 28.
Rf2 Bxf5 29. Rxf5 Rab8 30. Nf6+ Kh8 31. Rg2 c3 32. g6 cxd2+ 33. Kxd2 fxg6 0-1

[Event "Championnat de France - Accession"]
[Site "Nimes"]
[Date "2009.08.21"]
[Round "10.1"]
[White "Lagarde, Maxime"]
[Black "Sochacki, Christophe"]
[Result "1-0"]
[WhiteElo "2352"]
[BlackElo "2274"]
[Annotator "Rivier,Sylvain"]
[PlyCount "56"]
[EventDate "2009.??.??"]

1. e4 c5 2. Nf3 d6 3. d4 cxd4 4. Nxd4 Nf6 5. Nc3 g6 6. Be3 Bg7 7. f3 O-O 8. Qd2
Nc6 9. Bc4 Bd7 10. O-O-O Rb8 11. Kb1 b5 12. Ndxb5 Qc8 13. Bb3 Qb7 14. Qe2 Rfc8
15. Rxd6 a6 16. e5 Ne8 17. Rxd7 Qxd7 18. e6 fxe6 19. Bf4 Kh8 20. Bxb8 Rxb8 21.
Rd1 Qc8 22. Na3 Nd6 23. Ne4 a5 24. Nxd6 exd6 25. Nb5 d5 26. a4 Qd7 27. f4 Qf7
28. Qg4 Qf6 {suite illisible} 1-0

[Event "Championnat de France - Accession"]
[Site "Nimes"]
[Date "2009.08.21"]
[Round "10.3"]
[White "Jablonski, Noham"]
[Black "Jolly, Jean-Francois"]
[Result "0-1"]
[WhiteElo "2305"]
[BlackElo "2366"]
[PlyCount "60"]
[EventDate "2009.??.??"]

1. e4 e5 2. Nf3 Nc6 3. Bb5 a6 4. Ba4 Nf6 5. O-O Be7 6. Re1 b5 7. Bb3 O-O 8. Nc3
d6 9. Nd5 Na5 10. d4 Nxb3 11. axb3 c6 12. Nxe7+ Qxe7 13. dxe5 dxe5 14. Qd3 Nd7
15. Be3 Re8 16. Rad1 Nc5 17. Qc3 Nxe4 18. Qxe5 Bg4 19. Qf4 Bh5 20. Bb6 Qb7 21.
Ba5 Nf6 22. Qg3 Bg6 23. Ne5 Bxc2 24. Rc1 Bg6 25. Nxc6 Rxe1+ 26. Bxe1 Re8 27.
Ne5 Qe4 28. Nf3 Nh5 29. Qc7 Nf4 30. Rd1 Bh5 0-1

[Event "Championnat de France - Accession"]
[Site "Nimes"]
[Date "2009.08.21"]
[Round "10.4"]
[White "Bailet, Pierre"]
[Black "Shirazi, Kamran"]
[Result "1-0"]
[WhiteElo "2352"]
[BlackElo "2384"]
[PlyCount "115"]
[EventDate "2009.??.??"]

1. e4 c5 2. Nf3 d6 3. d4 cxd4 4. Nxd4 Nf6 5. Nc3 Nc6 6. Bc4 Bd7 7. f3 e6 8. Bb3
a6 9. Be3 h5 10. Qe2 Qc7 11. O-O-O b5 12. Nxc6 Bxc6 13. Bg5 Be7 14. Bxf6 gxf6
15. Qe3 Qa7 16. Qd3 Qc5 17. Ne2 a5 18. a3 a4 19. Ba2 b4 20. axb4 Qxb4 21. Nd4
Bd7 22. c3 Qb6 23. f4 Rb8 24. Rd2 h4 25. f5 e5 26. Nf3 Bf8 27. Kb1 Qc5 28. Qc2
Rb6 29. Rd5 Qc7 30. Rhd1 Qb8 31. Nd2 Bc6 32. Nc4 Bxd5 33. Rxd5 Ra6 34. Na5 Bh6
35. Qxa4+ Kf8 36. Rb5 Qa7 37. Bd5 Kg7 38. Rb7 Qg1+ 39. Ka2 Rf8 40. Bxf7 Ra7 41.
Bd5+ Kh8 42. Qd7 Rxa5+ 43. Kb3 Qd1+ 44. Kb4 Qa4+ 45. Qxa4 Rxa4+ 46. Kxa4 Ra8+
47. Kb5 Ra1 48. Kc6 Rg1 49. Kxd6 Rxg2 50. h3 Rg3 51. Ke7 Rxh3 52. Kxf6 Rg3 53.
Kxe5 h3 54. Ke6 Bf4 55. f6 Rg5 56. f7 Re5+ 57. Kf6 Bh6 58. Kg6 1-0

[Event "Championnat de France - Accession"]
[Site "Nimes"]
[Date "2009.08.21"]
[Round "10.5"]
[White "Boudre, Jean-Pierre"]
[Black "Platel, Alexandre"]
[Result "1/2-1/2"]
[WhiteElo "2337"]
[BlackElo "2206"]
[PlyCount "71"]
[EventDate "2009.??.??"]

1. e4 c5 2. Nf3 d6 3. d4 cxd4 4. Nxd4 Nf6 5. Nc3 a6 6. Bg5 e6 7. Qe2 Nbd7 8.
O-O-O Be7 9. h4 Qc7 10. g4 b5 11. a3 Bb7 12. Rh3 Rc8 13. f4 Qc4 14. Qd2 Qc5 15.
f5 e5 16. Nb3 Qc7 17. Bxf6 Nxf6 18. Qe2 Qc4 19. Qxc4 bxc4 20. Na5 Ba8 21. Nxc4
Nxe4 22. Nxe4 Bxe4 23. Ne3 Rc6 24. Bc4 g6 25. Bd5 Bxd5 26. Nxd5 gxf5 27. gxf5
Rg8 28. Rb3 Rg2 29. Rb8+ Bd8 30. c3 Kd7 31. Rb7+ Bc7 32. Rb4 Rf2 33. Nf6+ Ke7
34. Nd5+ Kd7 35. Nf6+ Ke7 36. Nd5+ 1/2-1/2

[Event "Championnat de France - Accession"]
[Site "Nimes"]
[Date "2009.08.21"]
[Round "10.6"]
[White "Bissieres, Matthieu"]
[Black "Moussard, Jules"]
[Result "0-1"]
[WhiteElo "2300"]
[BlackElo "2292"]
[PlyCount "88"]
[EventDate "2009.??.??"]

1. e4 c5 2. Nf3 d6 3. d4 cxd4 4. Nxd4 Nf6 5. Nc3 a6 6. f3 e6 7. Be3 Be7 8. Qd2
Nc6 9. O-O-O O-O 10. g4 Nd7 11. Kb1 Nde5 12. Qf2 b5 13. Nxc6 Nxc6 14. f4 Bd7
15. g5 Rb8 16. Rg1 Qb6 17. Bh3 Rfd8 18. f5 Ne5 19. Bd4 b4 20. Ne2 Bf8 21. Nf4
exf5 22. exf5 Nc6 23. Nh5 Nxd4 24. Rxd4 Kh8 25. Rh4 Qc5 26. Qf1 Rbc8 27. Rg2
Re8 28. f6 Bxh3 29. Rxh3 Qf5 30. Nf4 Rc4 31. Rf3 Rce4 32. Nd3 Qe6 33. Rd2 g6
34. Rd1 a5 35. Qf2 Re2 36. Qh4 Rxc2 37. Rh3 h6 38. Kxc2 Qe2+ 39. Rd2 Rc8+ 40.
Nc5 Qf1 41. Rxd6 Rxc5+ 42. Kb3 Kg8 43. Rd2 a4+ 44. Kxa4 Qa6+ 0-1

[Event "Championnat de France - Accession"]
[Site "Nimes"]
[Date "2009.08.21"]
[Round "10.7"]
[White "Mancini, Mario"]
[Black "Crut, Aurelien"]
[Result "1/2-1/2"]
[WhiteElo "2269"]
[BlackElo "2335"]
[PlyCount "93"]
[EventDate "2009.??.??"]

1. d4 d5 2. c4 e6 3. Nc3 c6 4. e3 Nf6 5. Nf3 Nbd7 6. Bd3 dxc4 7. Bxc4 b5 8. Be2
Bb7 9. O-O Be7 10. e4 b4 11. e5 bxc3 12. exf6 Nxf6 13. bxc3 O-O 14. Rb1 Qc8 15.
Qa4 c5 16. Ba3 Nd5 17. Rfc1 Nf4 18. Qd1 Qc7 19. Bf1 Be4 20. Rb2 Rac8 21. g3 Ng6
22. Bg2 Rfd8 23. Qe1 Ba8 24. Rd1 cxd4 25. Bxe7 Nxe7 26. Rxd4 Rxd4 27. cxd4 Bd5
28. h3 Qc1 29. Qxc1 Rxc1+ 30. Kh2 f6 31. Nd2 Rc7 32. Bxd5 Nxd5 33. Kg2 Kf7 34.
Nf3 Rd7 35. Rb3 Ne7 36. Ra3 Nc6 37. Ra6 Rc7 38. Kf1 Ke7 39. Ke2 Kd7 40. a3 Rb7
41. h4 Rb5 42. Ra4 h6 43. Nd2 a5 44. Rc4 Rb2 45. Ke3 Ra2 46. Ra4 Rb2 47. Rc4
1/2-1/2

[Event "Championnat de France - Accession"]
[Site "Nimes"]
[Date "2009.08.21"]
[Round "10.8"]
[White "Rabineau, Clement"]
[Black "Saada, Julien"]
[Result "1/2-1/2"]
[WhiteElo "2263"]
[BlackElo "2289"]
[PlyCount "88"]
[EventDate "2009.??.??"]

1. e4 c6 2. d4 d5 3. Nc3 dxe4 4. Nxe4 Bf5 5. Ng3 Bg6 6. h4 h6 7. Nh3 e6 8. Nf4
Bh7 9. Bc4 Nf6 10. O-O Bd6 11. Ngh5 O-O 12. Re1 Nxh5 13. Nxh5 Nd7 14. Qg4 Bg6
15. Bxh6 Nf6 16. Nxf6+ Qxf6 17. Bg5 Qf5 18. Qxf5 Bxf5 19. c3 a5 20. Rad1 a4 21.
Bd3 Bxd3 22. Rxd3 Ra5 23. g3 Rb5 24. Re2 Ra8 25. Kg2 Bc7 26. Be7 Rd5 27. c4 Rd7
28. Bb4 b5 29. cxb5 cxb5 30. Rc2 Bb6 31. Bc5 Bd8 32. b3 Bf6 33. f4 Rad8 34.
bxa4 bxa4 35. Rc4 Rd5 36. Kf3 e5 37. fxe5 Bxe5 38. Ke2 R8d7 39. Kd2 f5 40. Rxa4
Bxg3 41. Rxg3 Rxc5 42. Rc3 Rcd5 43. Ke3 Re7+ 44. Kd3 Re4 1/2-1/2

[Event "Championnat de France - Accession"]
[Site "Nimes"]
[Date "2009.08.21"]
[Round "10.9"]
[White "Van Elst, Andreas"]
[Black "Dubreuil, Julien"]
[Result "1-0"]
[WhiteElo "2288"]
[BlackElo "2250"]
[PlyCount "73"]
[EventDate "2009.??.??"]

1. d4 d5 2. c4 dxc4 3. e3 e6 4. Bxc4 c5 5. Nf3 a6 6. O-O Nf6 7. Bb3 Be7 8. Qe2
O-O 9. Rd1 Qc7 10. e4 cxd4 11. e5 Nfd7 12. Bf4 Nc5 13. Bc2 d3 14. Bxd3 Nxd3 15.
Rxd3 Qc4 16. Qd2 b5 17. Nc3 b4 18. Ne2 Ra7 19. b3 Qb5 20. Nfd4 Qe8 21. Rh3 Kh8
22. Qd3 g6 23. Rh6 Kg7 24. Ng3 Rh8 25. Ne4 Qd8 26. Nf6 Bxf6 27. exf6+ Qxf6 28.
Bxb8 Rd7 29. Qe3 Rd5 30. Rh3 Rhd8 31. Qh6+ Kg8 32. Qxh7+ Kf8 33. Qh8+ Qxh8 34.
Rxh8+ Kg7 35. Rxd8 Rxd8 36. Nf3 Bb7 37. Bf4 1-0

[Event "Championnat de France - Accession"]
[Site "Nimes"]
[Date "2009.08.21"]
[Round "10.10"]
[White "Le Goff, Damien"]
[Black "Ollier, Pablo"]
[Result "1-0"]
[WhiteElo "2270"]
[BlackElo "2226"]
[PlyCount "95"]
[EventDate "2009.??.??"]

1. e4 e6 2. d4 d5 3. Nc3 Bb4 4. e5 c5 5. a3 Bxc3+ 6. bxc3 Ne7 7. Qg4 Qc7 8.
Qxg7 Rg8 9. Qxh7 cxd4 10. Ne2 Nbc6 11. f4 dxc3 12. Qd3 Nf5 13. g4 Rxg4 14. Bh3
Rg6 15. Bxf5 exf5 16. Nxc3 Qa5 17. Kd1 a6 18. Rb1 Be6 19. Ne2 O-O-O 20. Bd2 Qc7
21. Bb4 Nxb4 22. Rxb4 d4 23. Rxd4 Rxd4 24. Qxd4 Bc4 25. Nc3 Qc6 26. Re1 b5 27.
Kc1 Qc7 28. Rd1 Rc6 29. Rd2 a5 30. h4 a4 31. Nd5 Qd8 32. Qa7 Bxd5 33. Qa8+ Kc7
34. Qxd8+ Kxd8 35. Rxd5+ Kc7 36. Rxb5 Rh6 37. Rb4 Rxh4 38. Rxa4 Kc6 39. Rb4 Kc5
40. Kb2 Rh3 41. c3 Rh2+ 42. Kb3 Rh1 43. a4 Rb1+ 44. Ka3 Ra1+ 45. Kb2 Rh1 46. a5
Rh2+ 47. Kb3 Rh1 48. a6 1-0

[Event "Championnat de France - Accession"]
[Site "Nimes"]
[Date "2009.08.21"]
[Round "10.11"]
[White "Villegas, Pierre"]
[Black "Guilleux, Fabien"]
[Result "1/2-1/2"]
[WhiteElo "2202"]
[BlackElo "2381"]
[PlyCount "57"]
[EventDate "2009.??.??"]

1. d4 Nf6 2. c4 g6 3. Nc3 Bg7 4. e4 d6 5. f3 O-O 6. Nge2 a6 7. Be3 b6 8. Nc1 c5
9. d5 b5 10. cxb5 axb5 11. Bxb5 Ba6 12. Bxa6 Nxa6 13. O-O Nd7 14. Qd2 Qb6 15.
Rb1 Rfb8 16. b3 Qb4 17. N1e2 Qa3 18. Bg5 Nf6 19. Qb2 Qa5 20. a3 Nc7 21. b4 cxb4
22. axb4 Qb6+ 23. Kh1 Nb5 24. Qd2 Na3 25. Rb3 Nc4 26. Qd3 Rc8 27. Bh4 Nd7 28.
Bf2 Nde5 29. Qc2 1/2-1/2

[Event "Championnat de France - Accession"]
[Site "Nimes"]
[Date "2009.08.21"]
[Round "10.12"]
[White "Grimberg, Gilbert"]
[Black "Bonn, Thomas"]
[Result "1-0"]
[WhiteElo "2336"]
[BlackElo "2225"]
[Annotator "Rivier,Sylvain"]
[PlyCount "53"]
[EventDate "2009.??.??"]

1. d4 f5 2. g3 Nf6 3. Bg2 e6 4. c4 Be7 5. Nf3 d6 6. O-O O-O 7. Nc3 Qe8 8. Re1
Qh5 9. Bg5 Nbd7 10. e4 fxe4 11. Nxe4 h6 12. Bxf6 Nxf6 13. Nfd2 Qf5 14. f4 c6
15. Nf2 Ne8 16. Be4 Qf7 17. Qc2 g5 18. Bg6 Qg7 19. Kh1 Bd7 20. Nf3 Nc7 21. Rg1
Be8 22. Bxe8 Raxe8 23. Raf1 g4 24. Nd2 h5 25. h3 Bf6 26. hxg4 hxg4 27. Nde4 {
suite illisible} 1-0

[Event "Championnat de France - Accession"]
[Site "Nimes"]
[Date "2009.08.21"]
[Round "10.13"]
[White "Song, Julien"]
[Black "Di Nicolantonio, Lucas"]
[Result "1-0"]
[WhiteElo "2319"]
[BlackElo "2100"]
[PlyCount "27"]
[EventDate "2009.??.??"]

1. d4 d5 2. Nf3 Nf6 3. c4 c6 4. e3 a6 5. Bd2 e6 6. Qc2 Nbd7 7. Nc3 b5 8. cxb5
cxb5 9. Bxb5 axb5 10. Nxb5 Rb8 11. Nc7+ Ke7 12. Ba5 Ba6 13. Qa4 Qc8 14. Qa3+
1-0

[Event "Championnat de France - Accession"]
[Site "Nimes"]
[Date "2009.08.21"]
[Round "10.14"]
[White "Schabanel, Stephane"]
[Black "Nass, Emile"]
[Result "0-1"]
[WhiteElo "2259"]
[BlackElo "2186"]
[PlyCount "82"]
[EventDate "2009.??.??"]

1. d4 Nf6 2. c4 e5 3. dxe5 Ng4 4. Bf4 Bb4+ 5. Nc3 Nc6 6. Nf3 Qe7 7. Qb3 a5 8.
a3 a4 9. Qc2 Ba5 10. e3 Ncxe5 11. Nxe5 Nxe5 12. Be2 d6 13. O-O Bxc3 14. Qxc3 b6
15. c5 bxc5 16. Bb5+ Bd7 17. Bxd7+ Nxd7 18. Qxg7 Qf6 19. Qg3 Rb8 20. e4 Rb3 21.
f3 Qg6 22. Qh3 Qe6 23. Qxe6+ fxe6 24. Rf2 O-O 25. Bd2 Rxb2 26. Ba5 Rb7 27. Rc2
Ne5 28. Rd1 Nc6 29. Bc3 Rb3 30. Bb2 Rfb8 31. Rdd2 e5 32. Kf2 R8b7 33. Kg3 Nd4
34. Bxd4 cxd4 35. Kg4 Rc3 36. f4 exf4 37. Kxf4 Rxc2 38. Rxc2 c5 39. e5 d3 40.
Rd2 dxe5+ 41. Kxe5 Rd7 0-1

[Event "Championnat de France - Accession"]
[Site "Nimes"]
[Date "2009.08.21"]
[Round "10.15"]
[White "Lutz, Eric"]
[Black "Migot, Tangi"]
[Result "0-1"]
[WhiteElo "2245"]
[BlackElo "2114"]
[Annotator "Rivier,Sylvain"]
[PlyCount "28"]
[EventDate "2009.??.??"]

1. f4 d5 2. Nf3 g6 3. e3 Bg7 4. d4 Nh6 5. Bd3 O-O 6. O-O c5 7. c3 Bf5 8. dxc5
e6 9. Nd4 a5 10. Na3 Qe7 11. Nxf5 exf5 12. Qb3 Rd8 13. Qb5 Rc8 14. b4 axb4 {
suite illisible} 0-1

[Event "Championnat de France - Accession"]
[Site "Nimes"]
[Date "2009.08.21"]
[Round "10.16"]
[White "Ider, Borya"]
[Black "Ouakhir, Mehdi"]
[Result "1/2-1/2"]
[WhiteElo "2234"]
[BlackElo "2237"]
[PlyCount "109"]
[EventDate "2009.??.??"]

1. d4 d5 2. Nf3 Nf6 3. c4 c6 4. e3 e6 5. Bd3 Nbd7 6. O-O Bd6 7. Nbd2 O-O 8. e4
dxe4 9. Nxe4 Nxe4 10. Bxe4 e5 11. Qc2 h6 12. c5 Bc7 13. Rd1 Qe7 14. Re1 Kh8 15.
Be3 exd4 16. Bxd4 Ne5 17. Nxe5 Bxe5 18. Bxe5 Qxe5 19. Bxc6 Qc7 20. Bf3 Be6 21.
b4 Rad8 22. Rad1 Bc8 23. h3 Rfe8 24. Rxd8 Rxd8 25. Qe4 Rg8 26. a3 Qd8 27. Rd1
Qf6 28. Qd4 Qa6 29. Qd3 Qa4 30. Re1 b6 31. c6 Be6 32. Bd1 Qxc6 33. Bc2 g6 34.
Qd4+ Kh7 35. Be4 Qd7 36. Qf6 Re8 37. Rc1 Qe7 38. Qf4 Rc8 39. Re1 Qg5 40. Qxg5
hxg5 41. Re3 Kg7 42. Kf1 a5 43. bxa5 bxa5 44. Bb7 Rb8 45. Bc6 Rc8 46. Bb5 Bc4+
47. Bxc4 Rxc4 48. Ke2 Rc2+ 49. Ke1 Ra2 50. g4 Kg8 51. Kf1 Kg7 52. Kg2 Kf8 53.
Kg3 Kg7 54. Kg2 Kg8 55. Kg3 1/2-1/2

[Event "Championnat de France - Accession"]
[Site "Nimes"]
[Date "2009.08.21"]
[Round "10.18"]
[White "Saucey, Michel"]
[Black "Camus, Berenger"]
[Result "1/2-1/2"]
[WhiteElo "2366"]
[BlackElo "2200"]
[PlyCount "33"]
[EventDate "2009.??.??"]

1. d4 d5 2. c4 dxc4 3. e3 Nf6 4. Bxc4 a6 5. a4 e6 6. Nf3 c5 7. O-O Nc6 8. Qe2
cxd4 9. Rd1 Be7 10. exd4 O-O 11. Nc3 Nd5 12. Ne5 Nxc3 13. bxc3 Nxe5 14. dxe5
Qc7 15. Bd3 Rd8 16. Qe4 g6 17. c4 1/2-1/2

[Event "Championnat de France - Accession"]
[Site "Nimes"]
[Date "2009.08.21"]
[Round "10.19"]
[White "Lefebvre, Herve"]
[Black "Favarel, Antoine"]
[Result "1-0"]
[WhiteElo "2279"]
[BlackElo "2213"]
[PlyCount "61"]
[EventDate "2009.??.??"]

1. e4 c5 2. Nf3 Nc6 3. d4 cxd4 4. Nxd4 Nf6 5. Nc3 e5 6. Ndb5 d6 7. Bg5 a6 8.
Na3 b5 9. Bxf6 gxf6 10. Nd5 Bg7 11. Bd3 Ne7 12. Nxe7 Qxe7 13. c4 f5 14. O-O O-O
15. Qf3 Rb8 16. exf5 bxc4 17. Nxc4 d5 18. Ne3 Bb7 19. Nxd5 Bxd5 20. Qxd5 Rfd8
21. Qf3 Rxb2 22. Be4 Bf6 23. Rfb1 Rbd2 24. Rb6 a5 25. a4 Qd7 26. h4 Qd4 27.
Rab1 Be7 28. f6 Rd1+ 29. Kh2 Rxb1 30. Qg4+ Kh8 31. Qg7# 1-0

[Event "Championnat de France - Accession"]
[Site "Nimes"]
[Date "2009.08.21"]
[Round "10.20"]
[White "Ber, Yves"]
[Black "Ravot, Sylvain"]
[Result "0-1"]
[WhiteElo "2040"]
[BlackElo "2276"]
[PlyCount "68"]
[EventDate "2009.??.??"]

1. d4 f5 2. c4 Nf6 3. Nc3 d6 4. Nf3 g6 5. g3 Bg7 6. Bg2 O-O 7. O-O Qe8 8. Nb5
Na6 9. Nc3 h6 10. Rb1 e5 11. d5 g5 12. Nd2 e4 13. Nb3 Bd7 14. f4 Qh5 15. e3 Qg6
16. Nd4 Nc5 17. Nc2 a5 18. Bd2 Ng4 19. h3 Nf6 20. Ne2 Nh5 21. Kh2 Nd3 22. Ne1
Nxb2 23. Qb3 a4 24. Qc2 a3 25. Nd4 Kh8 26. Bc1 Nxg3 27. Kxg3 gxf4+ 28. Kf2
fxe3+ 29. Kxe3 f4+ 30. Kd2 Bxd4 31. Bxe4 Qg3 32. Rxb2 axb2 33. Bxb2 Qe3+ 34.
Kd1 Ba4 0-1

[Event "Championnat de France - Accession"]
[Site "Nimes"]
[Date "2009.08.21"]
[Round "10.21"]
[White "Manoeuvre, Antoine"]
[Black "Stephan, Victor"]
[Result "1/2-1/2"]
[WhiteElo "2232"]
[BlackElo "2198"]
[PlyCount "41"]
[EventDate "2009.??.??"]

1. d4 Nf6 2. c4 g6 3. Nc3 Bg7 4. e4 d6 5. Be2 O-O 6. Nf3 Na6 7. O-O e5 8. Be3
Qe8 9. dxe5 dxe5 10. Qc2 c6 11. Rad1 Nd7 12. Nd2 f5 13. exf5 gxf5 14. f3 Nf6
15. Rfe1 Be6 16. Nb3 Kh8 17. Nc5 Nxc5 18. Bxc5 Rg8 19. Bf1 Nd7 20. Be3 Qg6 21.
Kh1 1/2-1/2

[Event "Championnat de France - Accession"]
[Site "Nimes"]
[Date "2009.08.21"]
[Round "10.22"]
[White "Strugnell, Carl"]
[Black "Iwanesko, Alexandre"]
[Result "1-0"]
[WhiteElo "2280"]
[BlackElo "2101"]
[PlyCount "61"]
[EventDate "2009.??.??"]

1. e4 c5 2. Nf3 e6 3. Nc3 a6 4. d4 cxd4 5. Nxd4 Qc7 6. Bd3 Nf6 7. O-O Bc5 8.
Nb3 Be7 9. f4 d6 10. a4 Nc6 11. a5 b5 12. axb6 Qxb6+ 13. Kh1 O-O 14. Qe2 Nb4
15. Be3 Qb8 16. Na5 Bd7 17. Nc4 Nxd3 18. cxd3 Bb5 19. Nb6 Ra7 20. Nxb5 axb5 21.
Rxa7 Qxa7 22. e5 Ne8 23. Qf3 dxe5 24. Nc8 Qd7 25. Qc6 Qxd3 26. Nxe7+ Kh8 27.
Qc1 Nf6 28. fxe5 Ng4 29. Rxf7 Rd8 30. Nc6 Rc8 31. Bg1 1-0

[Event "Championnat de France - Accession"]
[Site "Nimes"]
[Date "2009.08.22"]
[Round "10.23"]
[White "Rouler, Charly"]
[Black "Kassis, Antoine"]
[Result "1-0"]
[WhiteElo "2335"]
[BlackElo "2183"]
[PlyCount "83"]
[EventDate "2009.??.??"]

1. d4 Nf6 2. c4 Nc6 3. Nf3 e6 4. Nc3 Bb4 5. Qc2 d6 6. Bd2 O-O 7. a3 Bxc3 8.
Bxc3 Qe7 9. g3 a5 10. Bg2 e5 11. d5 Nb8 12. O-O a4 13. Nh4 g6 14. e4 Nh5 15.
Rae1 Nd7 16. Kh1 Ng7 17. f4 exf4 18. Rxf4 Ne5 19. Rf2 b6 20. Ref1 Ba6 21. Bxe5
Qxe5 22. Qxa4 Qd4 23. b3 f6 24. Qb4 b5 25. Nf3 Qb6 26. Qc3 bxc4 27. bxc4 Qc5
28. Nd2 f5 29. exf5 Nxf5 30. Bh3 Bc8 31. Nb3 Rxa3 32. g4 Qb6 33. Rf3 Rxb3 34.
Qxb3 Qxb3 35. Rxb3 Ne7 36. Re1 Kf7 37. Rb8 Rd8 38. g5 Bxh3 39. Rxd8 Bf5 40. Rh8
Kg7 41. Rxh7+ Kxh7 42. Rxe7+ 1-0

[Event "Championnat de France - Accession"]
[Site "Nimes"]
[Date "2009.08.21"]
[Round "10.24"]
[White "Dijoux, Frederic"]
[Black "Daurelle, Herve"]
[Result "1-0"]
[WhiteElo "2152"]
[BlackElo "2292"]
[PlyCount "87"]
[EventDate "2009.??.??"]

1. Nc3 Nf6 2. e4 e5 3. f4 d5 4. fxe5 Nxe4 5. Nf3 Be7 6. Qe2 Nxc3 7. dxc3 c5 8.
Bf4 Nc6 9. O-O-O Be6 10. Kb1 g5 11. Bg3 g4 12. Nd2 Qc7 13. h3 gxh3 14. gxh3
O-O-O 15. Nf3 Rhg8 16. Bf4 d4 17. c4 Qa5 18. Qe4 Qa6 19. Qxh7 Rg6 20. Bd3 Nb4
21. Bxg6 Qxa2+ 22. Kc1 d3 23. Bxd3 Qa1+ 24. Kd2 Qxb2 25. Ke3 Qc3 26. Kf2 Nxd3+
27. cxd3 a5 28. Qe4 a4 29. Rb1 Rd7 30. Rhd1 a3 31. Ng5 a2 32. Rbc1 Qb2+ 33. Qe2
Qd4+ 34. Qe3 Qb2+ 35. Kg3 Bf5 36. Ne4 Rd8 37. Qf2 Qa3 38. Nd6+ Bxd6 39. exd6
Bxd3 40. Rxd3 Qxd3+ 41. Kh2 Qa3 42. Ra1 Rh8 43. Bg3 Rh5 44. Rxa2 1-0

[Event "Championnat de France - Accession"]
[Site "Nimes"]
[Date "2009.08.21"]
[Round "10.26"]
[White "Maatoug, Redwan"]
[Black "Velten, Paul"]
[Result "1/2-1/2"]
[WhiteElo "2245"]
[BlackElo "2153"]
[PlyCount "48"]
[EventDate "2009.??.??"]

1. d4 d5 2. c4 dxc4 3. Nf3 Nf6 4. Nc3 a6 5. a4 Nc6 6. e4 Bg4 7. Be3 e6 8. Bxc4
Bb4 9. Qd3 Bh5 10. O-O Qd7 11. d5 exd5 12. Nxd5 Nxd5 13. Qxd5 Bg4 14. Rfd1 Rd8
15. Qxd7+ Rxd7 16. Rxd7 Bxd7 17. Bf4 Bd6 18. e5 Be7 19. Rd1 Nd8 20. Bb3 Be6 21.
Bc2 c6 22. Ng5 h6 23. Nxe6 Nxe6 24. Be3 Bc5 1/2-1/2